| 000 | 00686cam a2200229 a 4500 | ||
|---|---|---|---|
| 001 | 4014531 | ||
| 003 | OSt | ||
| 005 | 20160531095925.0 | ||
| 008 | 970128s1998 dcua b 001 0 eng c | ||
| 010 | _a 97002320 | ||
| 040 | _aSEKU | ||
| 050 | 0 | 0 |
_aRC 516 _b.M34 1998 |
| 245 | 0 | 0 |
_aMania : _bclinical and research perspectives / _cedited by Paul J. Goodnick. |
| 250 | _a1st ed. | ||
| 260 |
_aWashington, DC : _bAmerican Psychiatric Press, _cc1998. |
||
| 300 |
_axxiv, 412 p. : _bill. (some col.) ; _c24 cm. |
||
| 504 | _aIncludes bibliographical references and index. | ||
| 650 | 0 | _aMania. | |
| 650 | 1 | 2 | _aManic Disorder. |
| 700 | 1 |
_aGoodnick, Paul J., _d1950- |
|
| 942 |
_2lcc _cGEN |
||
| 999 |
_c14927 _d14927 |
||